000 00782cab a2200277 4500
001 ABS52192
008 090401t1995 xxu||||| |||| 00| 0 eng d
035 _a(Sirsi) u65221
041 _aeng
100 _aPartridge, C.
245 _aEffects of the 1995 revaluation
260 _c1995
350 _a0
490 _aEstates Gazette
_v(9504) 28 January 1995, 148-149(2)
520 _aDiscusses the problems and opportunities presented by the current rating revaluation.
650 _aADDIS LTD V CLEMENTS
650 _aBUSINESS RATES
650 _aENTERPRISE ZONES
650 _aOFFICES
650 _aRETAIL PROPERTY
650 _aRATING REVALUATION 1995
650 _aTRANSITIONAL RELIEF
690 _aRATING AND VALUATION
942 _n0
948 _c04/03/1997
999 _c40667
_d40667